Normal view MARC view
  • Artists’ tools

Entry Topical Term

Number of records used in: 1

001 - CONTROL NUMBER

  • control field: 37933

003 - CONTROL NUMBER IDENTIFIER

  • control field: OSt

005 - DATE AND TIME OF LATEST TRANSACTION

  • control field: 20150511152229.0

008 - FIXED-LENGTH DATA ELEMENTS

  • fixed length control field: 150511|| aca||babn | a|a d

040 ## - CATALOGING SOURCE

  • Original cataloging agency: OSt

150 ## - HEADING--TOPICAL TERM

  • Topical term or geographic name as entry element: Artists’ tools

450 ## - SEE FROM TRACING--TOPICAL TERM

  • Topical term or geographic name entry element: Art
  • General subdivision: Equipment and supplies

550 ## - SEE ALSO FROM TRACING--TOPICAL TERM

  • Topical term or geographic name entry element: Artists’ materials

550 ## - SEE ALSO FROM TRACING--TOPICAL TERM

  • Topical term or geographic name entry element: Implements, utensils, etc.

550 ## - SEE ALSO FROM TRACING--TOPICAL TERM

  • Topical term or geographic name entry element: Tools